000 01035 a2200193 4500
003 Nust
005 20230330114109.0
010 _a37003293
040 _cNust
082 _a823,ASH
100 _aAshton, Helen,
_9111587
245 _aPeople in Cages /
_cHelen Ashton
260 _aLondon,
_bCollins
_c1937.
300 _a314 p
_b20 cm
505 _aBond Street (Page-9),Harley Street, I (Page-12),Conduit Street Harley Street, Ii (Page-17),The City (Page-19),The Docks (Page-24),Turnstiles (Page-30),Insect-House (Page-35),Broad Walk (Page-38),Loin House Ii (Page-71),Lioness And Cubs (Page-75),Loins Den (Page-93),Chimpanzees (Page-104),Snakes And Fishes (Page-112),Three Iceland Pond (Page-150),Birds And Prey (Page-162),Telephone Box (Page-167),Elephant Ride (Page-192),Tea House I (Page-202),Tea House Ii (Page-216),Mappin Teachers, I (Page-279),Mappin Teachers, Ii (Page-297),Mapppin Teachers, Iii (Page-301),Night Piece (Page-312).
600 _aAshton, Helen,
_9111587
650 _aNovel
_92525
942 _2ddc
_cBK
_k823,ASH
999 _c186779
_d186779